Goodbye to excellence (Record no. 84605)

MARC details
000 -LEADER
fixed length control field 00684nam a22002177a 4500
003 - CONTROL NUMBER IDENTIFIER
control field URS
005 - DATE AND TIME OF LATEST TRANSACTION
control field 20250828100448.0
008 - FIXED-LENGTH DATA ELEMENTS--GENERAL INFORMATION
fixed length control field 250331b ||||| |||| 00| 0 eng d
040 ## - CATALOGING SOURCE
Transcribing agency URS
050 ## - LIBRARY OF CONGRESS CALL NUMBER
Classification number LC1034
Item number .L39 1981
100 ## - MAIN ENTRY--PERSONAL NAME
9 (RLIN) 11924
Personal name Lazarus, Mitchell
245 ## - TITLE STATEMENT
Title Goodbye to excellence
Remainder of title : a critical look at minimum competency testing
264 ## - PRODUCTION, PUBLICATION, DISTRIBUTION, MANUFACTURE, AND COPYRIGHT NOTICE
Place of production, publication, distribution, manufacture Boulder, Colo
Name of producer, publisher, distributor, manufacturer Westview Press
Date of production, publication, distribution, manufacture, or copyright notice ©1981
336 ## - CONTENT TYPE
Source rdaconten
Content type term text
337 ## - MEDIA TYPE
Source rdamedia
Media type term unmediated
338 ## - CARRIER TYPE
Source rdacarrier
Carrier type term volume
650 #0 - SUBJECT ADDED ENTRY--TOPICAL TERM
9 (RLIN) 11925
Topical term or geographic name entry element Competency-based educational tests.
650 #0 - SUBJECT ADDED ENTRY--TOPICAL TERM
9 (RLIN) 11926
Topical term or geographic name entry element Education basee sur la competence
General subdivision Tests.
650 #0 - SUBJECT ADDED ENTRY--TOPICAL TERM
9 (RLIN) 11927
Topical term or geographic name entry element Schulleistungstest.
942 ## - ADDED ENTRY ELEMENTS (KOHA)
Source of classification or shelving scheme Library of Congress Classification
Koha item type Continuing Resources

No items available.

University of Rizal System
Email us at univlibservices@urs.edu.ph

Visit our Website www.urs.edu.ph/library